[Event "Open de Provence 2015 B"]
[Site "Salon de Provence"]
[Date "2015.07.04"]
[Round "6.6"]
[White "Mautret-Godard, Titouan"]
[Black "Nguyen, Patrick"]
[Result "1-0"]
[WhiteElo "1462"]
[BlackElo "1654"]
[PlyCount "96"]
[EventDate "2015.??.??"]

1. d4 d5 2. c4 c6 3. Nc3 Nf6 4. Nf3 e6 5. Bf4 dxc4 6. e3 b5 7. Qc2 Bb7 8. a4 a6
9. g3 c5 10. Bg2 b4 11. Ne2 Bd5 12. O-O Nc6 13. Bg5 h6 14. Bxf6 Qxf6 15. Nf4
Bd6 16. e4 Bxf4 17. exd5 exd5 18. Rfe1+ Kf8 19. gxf4 cxd4 20. Ne5 Nxe5 21. Rxe5
d3 22. Qd2 g5 23. Qxb4+ Kg7 24. Bxd5 Rab8 25. Qxc4 gxf4 26. Re4 Qxb2 27. Qd4+
Qxd4 28. Rxd4 Rhd8 29. Rxd3 Rb4 30. Bc4 Rxd3 31. Bxd3 a5 32. f3 Kf6 33. Be4 Kg5
34. Bc6 Rc4 35. Bd5 Rc3 36. Re1 f6 37. Kf2 Rc2+ 38. Re2 Rc1 39. Re6 Rc2+ 40.
Kg1 Rd2 41. Bb7 Rb2 42. Ba8 Ra2 43. Re4 Ra3 44. Rc4 Ra2 45. Bc6 Ra1+ 46. Kg2 h5
47. Kh3 f5 48. Rc5 Rc1 1-0

[Event "Open de Provence 2015 B"]
[Site "Salon de Provence"]
[Date "2015.07.04"]
[Round "6.7"]
[White "Courtois, Jean-Baptiste"]
[Black "Pietrac, Christian"]
[Result "1-0"]
[WhiteElo "1690"]
[BlackElo "1203"]
[PlyCount "45"]
[EventDate "2015.??.??"]

1. e4 e6 2. c4 Nf6 3. Nc3 Bb4 4. e5 Bxc3 5. bxc3 Ne4 6. d3 Nc5 7. d4 Nca6 8.
Nf3 h6 9. g3 c5 10. Bg2 Nc6 11. O-O Rb8 12. Be3 b6 13. Rb1 Qc7 14. Nd2 Bb7 15.
Ne4 O-O 16. Bxh6 Kh7 17. Bxg7 Rg8 18. Nf6+ Kxg7 19. Qg4+ Kf8 20. Qxg8+ Ke7 21.
Qg5 Qd8 22. d5 Na5 23. d6+ 1-0

[Event "Open de Provence 2015 B"]
[Site "Salon de Provence"]
[Date "2015.07.04"]
[Round "6.8"]
[White "Oziol, Joris"]
[Black "Bartolomei, Romain"]
[Result "1-0"]
[WhiteElo "1666"]
[BlackElo "1289"]
[PlyCount "133"]
[EventDate "2015.??.??"]

1. d4 Nf6 2. Nf3 g6 3. Bf4 Bg7 4. e3 d5 5. Bd3 O-O 6. h3 b6 7. Nbd2 Ba6 8. Qe2
Bxd3 9. Qxd3 Nbd7 10. O-O c5 11. c3 Nh5 12. Bh2 Re8 13. Ne5 Nhf6 14. f4 e6 15.
g4 Nxe5 16. fxe5 Nd7 17. Nf3 Qc7 18. Ng5 Rf8 19. Rf2 h6 20. Nf3 c4 21. Qc2 b5
22. Raf1 Nb8 23. Nd2 Nc6 24. e4 Ne7 25. exd5 Nxd5 26. Rf3 a5 27. Ne4 Qb6 28.
Qf2 b4 29. Nd6 Qc7 30. Qc2 Nb6 31. Nxf7 Rxf7 32. Rxf7 Qxf7 33. Rxf7 Kxf7 34.
Qf2+ Ke7 35. d5 Nxd5 36. Qc5+ Kf7 37. Qxc4 Bf8 38. Qc6 Re8 39. c4 Ne7 40. Qb5
Rc8 41. b3 Nc6 42. Qb7+ Ne7 43. Bg3 a4 44. Qxb4 axb3 45. axb3 Kg8 46. Qb7 Rd8
47. b4 g5 48. Qf3 Bg7 49. Qb3 Nc6 50. c5 Nd4 51. Qd3 Nc6 52. Qc4 Nd4 53. b5 Kf7
54. c6 Bxe5 55. Qf1+ Bf6 56. Be5 Nf5 57. Bxf6 Kxf6 58. gxf5 exf5 59. c7 Rc8 60.
b6 f4 61. Qa6 Ra8 62. Qxa8 g4 63. hxg4 Kg5 64. Qg8+ Kh4 65. c8=Q f3 66. Qb8 Kh3
67. Qh2# 1-0

[Event "Open de Provence 2015 B"]
[Site "Salon de Provence"]
[Date "2015.07.04"]
[Round "6.9"]
[White "Misene, Milan"]
[Black "Bouriel, Michel"]
[Result "0-1"]
[WhiteElo "1417"]
[BlackElo "1497"]
[PlyCount "50"]
[EventDate "2015.??.??"]

1. d4 Nf6 2. Nf3 g6 3. Bf4 Bg7 4. e3 O-O 5. Nbd2 d6 6. h3 Nc6 7. a3 a6 8. Bd3
b5 9. Ne4 Nd5 10. Bg5 Nb6 11. b3 f6 12. Bh4 Bb7 13. g4 Qd7 14. Nfd2 Nd8 15. Rg1
c5 16. c3 Rc8 17. Rc1 cxd4 18. cxd4 Nf7 19. f3 e5 20. Bf2 exd4 21. exd4 Rfe8
22. Kf1 Nd5 23. Rxc8 Qxc8 24. Qc2 Nf4 25. Qxc8 Rxc8 0-1

[Event "Open de Provence 2015 B"]
[Site "Salon de Provence"]
[Date "2015.07.04"]
[Round "6.10"]
[White "Maccagno, Gilbert"]
[Black "Amoros, Jean"]
[Result "0-1"]
[WhiteElo "1366"]
[BlackElo "1437"]
[PlyCount "109"]
[EventDate "2015.??.??"]

1. d4 Nf6 2. c4 e5 3. dxe5 Ng4 4. Nf3 Bc5 5. e3 Nc6 6. Be2 Ngxe5 7. a3 a5 8.
O-O O-O 9. Nbd2 b6 10. b3 Bb7 11. Bb2 Bd6 12. Ne4 Nxf3+ 13. Bxf3 Ne5 14. Nd2
Nxf3+ 15. Nxf3 Re8 16. h3 Re6 17. Re1 Qe7 18. Qd4 Rg6 19. Nh4 Rf6 20. Qg4 Be5
21. Bd4 d6 22. f4 Rxf4 23. exf4 Bxd4+ 24. Kf1 Qf6 25. Ra2 g6 26. Ree2 b5 27.
Qg3 bxc4 28. bxc4 Ba6 29. Rac2 Rb8 30. Nf3 Bc5 31. Ng5 Rb1+ 32. Re1 Rxe1+ 33.
Kxe1 Qa1+ 34. Kd2 Qd4+ 35. Ke2 Bxc4+ 36. Rxc4 Qxc4+ 37. Kd1 Qa4+ 38. Ke2 Qxa3
39. Qd3 Qxd3+ 40. Kxd3 a4 41. Kc2 Be3 42. Ne4 Bxf4 43. Nc3 a3 44. Kb3 Bc1 45.
Nb5 d5 46. Nxc7 d4 47. Nb5 d3 48. Nc3 d2 49. Kc2 f5 50. Na2 Kf7 51. Nxc1
dxc1=Q+ 52. Kxc1 Ke6 53. Kb1 Ke5 54. Ka2 Ke4 55. Kxa3 0-1

[Event "Open de Provence 2015 B"]
[Site "Salon de Provence"]
[Date "2015.07.04"]
[Round "6.11"]
[White "Monteiro, Georges"]
[Black "Bohli, Adam"]
[Result "1-0"]
[WhiteElo "1450"]
[BlackElo "1428"]
[PlyCount "61"]
[EventDate "2015.??.??"]

1. e4 d5 2. exd5 Nf6 3. d4 Nxd5 4. c4 Nb4 5. Qa4+ N8c6 6. Nf3 Bd7 7. Qd1 Bg4 8.
Be3 Bxf3 9. gxf3 Nxd4 10. Qa4+ Ndc6 11. Nc3 Nd3+ 12. Bxd3 Qxd3 13. Rd1 Qf5 14.
Ke2 Qa5 15. Nd5 e6 16. Qxa5 Nxa5 17. Nxc7+ Ke7 18. Nxa8 b6 19. c5 bxc5 20.
Bxc5+ Kf6 21. Bxa7 Be7 22. Nb6 Nc6 23. Nd7+ Kg6 24. Rhg1+ Kf5 25. Bc5 Bg5 26.
Be3 h6 27. f4 Bxf4 28. Bxf4 Kxf4 29. Rxg7 f5 30. Rd6 Nb4 31. Rd4# 1-0

[Event "Open de Provence 2015 B"]
[Site "Salon de Provence"]
[Date "2015.07.04"]
[Round "6.12"]
[White "Guyard, Gerard"]
[Black "Person, Claude"]
[Result "1-0"]
[WhiteElo "1442"]
[BlackElo "1227"]
[PlyCount "71"]
[EventDate "2015.??.??"]

1. d4 Nf6 2. c4 c6 3. Nc3 e6 4. e3 Bb4 5. Nge2 a6 6. a3 Ba5 7. b4 Bc7 8. g3 O-O
9. Bg2 d5 10. O-O dxc4 11. e4 h6 12. e5 b5 13. exf6 Qxf6 14. Ne4 Qg6 15. Nf4
Qh7 16. Nh5 Ra7 17. Nhf6+ gxf6 18. Nxf6+ Kh8 19. Nxh7 Kxh7 20. Qd2 Rh8 21. Bb2
Rd8 22. Qc3 f6 23. Be4+ Kg7 24. Qf3 Bd7 25. Qg4+ Kh8 26. Qg6 f5 27. Qf6+ Kg8
28. d5 e5 29. d6 Bxd6 30. Qxd8+ Bf8 31. Qxb8 fxe4 32. Qxa7 Bh3 33. Rfd1 Bg7 34.
Rd8+ Kh7 35. Bxe5 Kg6 36. Qxg7+ 1-0

[Event "Open de Provence 2015 B"]
[Site "Salon de Provence"]
[Date "2015.07.04"]
[Round "6.13"]
[White "Philippe, Alexis"]
[Black "Favarel-Lubeigt, Helina"]
[Result "1-0"]
[WhiteElo "1268"]
[BlackElo "1296"]
[PlyCount "37"]
[EventDate "2015.??.??"]

1. d4 d5 2. c4 e6 3. Nc3 Nf6 4. Nf3 c6 5. Bg5 Nbd7 6. e3 Qa5 7. Qc2 Bb4 8. Bd3
dxc4 9. Bxc4 O-O 10. O-O e5 11. Bxf6 gxf6 12. Ne2 Kh8 13. Qf5 Rg8 14. dxe5 fxe5
15. Qxf7 Rf8 16. Qh5 Qc5 17. Ng5 Nf6 18. Nf7+ Kg8 19. Qg5# 1-0

[Event "Open de Provence 2015 B"]
[Site "Salon de Provence"]
[Date "2015.07.04"]
[Round "6.14"]
[White "Salvi, Angele"]
[Black "Aicardo, Hadrien"]
[Result "0-1"]
[WhiteElo "1064"]
[BlackElo "1200"]
[PlyCount "94"]
[EventDate "2015.??.??"]

1. e4 e5 2. Nf3 Nc6 3. d4 d6 4. Be3 Nge7 5. Qd2 g6 6. h3 Bg7 7. d5 Nb8 8. Nc3
O-O 9. O-O-O Nd7 10. Bg5 Nc5 11. Qe3 b6 12. Bb5 Bb7 13. Bh6 a6 14. Bc4 c6 15.
Bxg7 Kxg7 16. Ng5 cxd5 17. exd5 Rc8 18. Nf3 Nd7 19. g4 Rxc4 20. Ng5 Nf6 21. Qd2
Nexd5 22. Nxd5 Bxd5 23. Rhg1 Rd4 24. Qe2 Rxd1+ 25. Rxd1 Bb7 26. Qd3 Qc7 27. Rd2
Rd8 28. c3 Qc6 29. f3 Qd5 30. c4 Qxd3 31. Rxd3 h6 32. Nxf7 Kxf7 33. b4 d5 34.
c5 bxc5 35. bxc5 Rc8 36. Rb3 Rxc5+ 37. Kb2 Rb5 38. Kc3 Rxb3+ 39. axb3 e4 40. f4
Ke6 41. Kd4 h5 42. g5 Nh7 43. h4 Kf5 44. Ke3 Nf8 45. b4 Ne6 46. Kf2 Nxf4 47.
Kg3 Nd3 0-1

[Event "Open de Provence 2015 B"]
[Site "Salon de Provence"]
[Date "2015.07.04"]
[Round "6.15"]
[White "Ulloa, Philippe"]
[Black "Borrini, Rodrigue"]
[Result "1-0"]
[WhiteElo "1341"]
[BlackElo "1110"]
[PlyCount "39"]
[EventDate "2015.??.??"]

1. d4 d5 2. c4 c5 3. Nc3 Nf6 4. Bg5 Nbd7 5. dxc5 h6 6. Bxf6 Nxf6 7. cxd5 Qa5 8.
Qa4+ Qxa4 9. Nxa4 Nxd5 10. a3 Bd7 11. e4 Nf6 12. Nc3 e5 13. b4 a5 14. Nb5 Bxb5
15. Bxb5+ Nd7 16. Rd1 Rd8 17. Nf3 f6 18. O-O Ke7 19. Nh4 Rg8 20. Bc4 1-0

[Event "Open de Provence 2015 B"]
[Site "Salon de Provence"]
[Date "2015.07.04"]
[Round "6.16"]
[White "Boghossian, Lucie"]
[Black "Mars, Florence"]
[Result "1-0"]
[WhiteElo "1100"]
[BlackElo "1062"]
[PlyCount "57"]
[EventDate "2015.??.??"]

1. e4 c5 2. Nf3 Nc6 3. d4 cxd4 4. Nxd4 Nf6 5. Nc3 d6 6. Bb5 Bd7 7. O-O g6 8.
Bg5 Bg7 9. Nd5 Nxd5 10. exd5 Ne5 11. Bxd7+ Nxd7 12. Re1 O-O 13. Bxe7 Qb6 14.
Bxf8 Bxd4 15. Re7 Bxf2+ 16. Kf1 Nxf8 17. Qf3 f5 18. Qc3 Bd4 19. Qh3 Qb5+ 20.
Ke1 Qxb2 21. Rd1 Bf6 22. Rc7 Re8+ 23. Kf1 Qe5 24. Re1 Qxd5 25. Rxe8 Qd1+ 26.
Kf2 Qd2+ 27. Kg3 Be5+ 28. Kf3 Qd4 29. Qxh7# 1-0

[Event "Open de Provence 2015 B"]
[Site "Salon de Provence"]
[Date "2015.07.04"]
[Round "7.1"]
[White "Mars, Fiona"]
[Black "Frailinu, Jean-Bernard"]
[Result "1-0"]
[WhiteElo "1611"]
[BlackElo "1495"]
[PlyCount "25"]
[EventDate "2015.??.??"]

1. e4 e6 2. d4 d5 3. Nd2 Nf6 4. e5 Nfd7 5. Bd3 c5 6. c3 Nc6 7. Ne2 Be7 8. Nf3
f6 9. Nf4 Kf7 10. exf6 Bxf6 11. Nh5 cxd4 12. Nxf6 Qxf6 13. Bg5 1-0

[Event "Open de Provence 2015 B"]
[Site "Salon de Provence"]
[Date "2015.07.04"]
[Round "7.2"]
[White "Montanelli, Tristan"]
[Black "Mars, Theo"]
[Result "1/2-1/2"]
[WhiteElo "1694"]
[BlackElo "1634"]
[PlyCount "100"]
[EventDate "2015.??.??"]

1. d4 d5 2. Nf3 c6 3. c4 Nf6 4. Qc2 e6 5. g3 Nbd7 6. Bg2 Qa5+ 7. Bd2 Bb4 8. O-O
Ne4 9. Bxb4 Qxb4 10. b3 O-O 11. a3 Qd6 12. Nbd2 Nxd2 13. Qxd2 b6 14. Rfe1 Bb7
15. cxd5 cxd5 16. b4 Rac8 17. Rac1 Rxc1 18. Rxc1 Rc8 19. e3 Rxc1+ 20. Qxc1 Qc6
21. Qxc6 Bxc6 22. Ne5 Nxe5 23. dxe5 Bb5 24. f4 Bd3 25. Kf2 Kf8 26. Ke1 Ke7 27.
Kd2 Bb5 28. Bf3 f5 29. h4 g6 30. g4 h6 31. Kc3 a6 32. Bd1 Kd7 33. gxf5 gxf5 34.
a4 Bc4 35. Bh5 Ke7 36. a5 bxa5 37. bxa5 Bb5 38. Kb4 Kd8 39. Kc5 Kc7 40. Bf3 Bc4
41. Bh5 Bb5 42. Bf7 Bd7 43. h5 Bc8 44. Be8 Bb7 45. Ba4 Ba8 46. Be8 Bb7 47. Kd4
Bc6 48. Bf7 Bd7 49. Kc5 Bc8 50. Be8 Bb7 1/2-1/2

[Event "Open de Provence 2015 B"]
[Site "Salon de Provence"]
[Date "2015.07.04"]
[Round "7.3"]
[White "Noireaut, Hoan"]
[Black "Konate, Salma"]
[Result "1-0"]
[WhiteElo "1667"]
[BlackElo "1373"]
[PlyCount "137"]
[EventDate "2015.??.??"]

1. d4 d5 2. Bf4 Bf5 3. e3 e6 4. Bd3 Bg6 5. Nf3 c5 6. c3 Qb6 7. Bxg6 fxg6 8.
Nbd2 Nf6 9. Ne5 Be7 10. Rb1 O-O 11. h3 Nbd7 12. Ndf3 Nxe5 13. Nxe5 Bd6 14. O-O
Bxe5 15. Bxe5 Nd7 16. Bg3 Rac8 17. Qd2 Nf6 18. Qd3 c4 19. Qe2 Ne4 20. Bh2 Qd8
21. f3 Nf6 22. e4 Nh5 23. e5 Nf4 24. Bxf4 Rxf4 25. g3 Qg5 26. Kh2 Rf7 27. f4
Qh6 28. Rf2 Rcf8 29. Rbf1 g5 30. Qg4 Qg6 31. Kg2 Qe4+ 32. Kg1 Qg6 33. Qxg5 Qxg5
34. fxg5 Rxf2 35. Rxf2 Rxf2 36. Kxf2 Kf7 37. Kf3 Kg6 38. Kg4 h6 39. gxh6 Kxh6
40. Kh4 b5 41. g4 a5 42. a3 Kg6 43. g5 Kf5 44. Kh5 Ke4 45. Kg6 Kd3 46. Kxg7 Kc2
47. Kf7 Kxb2 48. g6 Kxc3 49. g7 Kxd4 50. g8=Q c3 51. Kxe6 c2 52. Qg5 b4 53.
axb4 axb4 54. Qd2+ Ke4 55. Qxc2+ Kd4 56. Qd2+ Kc4 57. Qxd5+ Kc3 58. Kd6 b3 59.
Qxb3+ Kxb3 60. e6 Kc4 61. e7 Kc3 62. e8=Q Kc2 63. Qe3 Kb2 64. Kc5 Kc2 65. Kc4
Kb2 66. Qc3+ Ka2 67. Qb4 Ka1 68. Kc3 Ka2 69. Qb2# 1-0

[Event "Open de Provence 2015 B"]
[Site "Salon de Provence"]
[Date "2015.07.04"]
[Round "7.4"]
[White "Faillat, Alois"]
[Black "Graells, Christian"]
[Result "0-1"]
[WhiteElo "1430"]
[BlackElo "1491"]
[PlyCount "54"]
[EventDate "2015.??.??"]

1. e4 e5 2. Nf3 Nc6 3. Bc4 Nf6 4. d3 Be7 5. c3 O-O 6. O-O d6 7. h3 a6 8. Bb3 b5
9. Re1 Na5 10. Bc2 c5 11. Nbd2 Qc7 12. Nf1 Bb7 13. Ng3 Nc6 14. Nf5 Nd8 15. Bg5
Ne6 16. Nxe7+ Qxe7 17. Qd2 Nxg5 18. Qxg5 Rae8 19. Nh4 Bc8 20. Re3 h6 21. Qg3
Nh5 22. Ng6 fxg6 23. Qxg6 Nf4 24. Qg3 Rf6 25. Rae1 Ref8 26. Rf3 Qe8 27. Ree3
Rg6 0-1

[Event "Open de Provence 2015 B"]
[Site "Salon de Provence"]
[Date "2015.07.04"]
[Round "7.5"]
[White "Bouriel, Michel"]
[Black "Mautret-Godard, Titouan"]
[Result "0-1"]
[WhiteElo "1497"]
[BlackElo "1462"]
[PlyCount "92"]
[EventDate "2015.??.??"]

1. c4 c6 2. Nc3 Nf6 3. g3 e6 4. Bg2 d5 5. cxd5 exd5 6. Nf3 Bf5 7. Qb3 Qd7 8.
O-O Bd6 9. d3 O-O 10. Bg5 Be7 11. Ne5 Qc7 12. Nf3 Nbd7 13. Rac1 Nc5 14. Qd1 h6
15. Bxf6 Bxf6 16. Nxd5 cxd5 17. d4 Qa5 18. dxc5 Qxa2 19. b4 Bb2 20. Qd2 Qa3 21.
Rcd1 Be4 22. Nd4 Bxg2 23. Kxg2 Bc3 24. Qd3 Qxb4 25. Nb5 d4 26. Nxd4 Qxc5 27. e3
Rfd8 28. Rc1 Qd5+ 29. f3 Bxd4 30. Rfd1 Bxe3 31. Qxe3 Qa2+ 32. Kh3 Rxd1 33. Rxd1
Qe6+ 34. Qxe6 fxe6 35. Rd7 Rb8 36. Re7 a5 37. Rxe6 a4 38. Rb6 a3 39. Rb1 Ra8
40. Kg2 b5 41. Kf2 b4 42. Ke2 b3 43. Kd2 a2 44. Re1 b2 45. Kc2 a1=Q 46. Rxa1
bxa1=Q 0-1

[Event "Open de Provence 2015 B"]
[Site "Salon de Provence"]
[Date "2015.07.04"]
[Round "7.6"]
[White "Boghossian, Hugo"]
[Black "Courtois, Jean-Baptiste"]
[Result "0-1"]
[WhiteElo "1398"]
[BlackElo "1690"]
[PlyCount "80"]
[EventDate "2015.??.??"]

1. e4 e5 2. Nf3 Nc6 3. d4 exd4 4. Nxd4 Bc5 5. Be3 Qf6 6. Nb5 Bxe3 7. fxe3 Qh4+
8. g3 Qxe4 9. Nxc7+ Kd8 10. Nxa8 Qxh1 11. Qd6 Nf6 12. Nd2 Qd5 13. Qc7+ Ke7 14.
Qf4 g5 15. Qc4 Qxc4 16. Bxc4 d5 17. Bb3 Kd6 18. O-O-O Be6 19. e4 Rxa8 20. exd5
Bxd5 21. Bxd5 Nxd5 22. Ne4+ Ke5 23. Nxg5 f6 24. Nf3+ Ke6 25. Re1+ Kf7 26. Rd1
Rd8 27. Nd4 Ndb4 28. c3 Nxa2+ 29. Kb1 Nxd4 30. Kxa2 Nc6 31. Rxd8 Nxd8 32. Kb3
Ke6 33. Kc4 Nc6 34. Kc5 Ne5 35. b4 Nf3 36. h4 f5 37. b5 Ng1 38. Kb4 Ne2 39. c4
Nxg3 40. c5 Kd5 0-1

[Event "Open de Provence 2015 B"]
[Site "Salon de Provence"]
[Date "2015.07.04"]
[Round "7.8"]
[White "Nguyen, Patrick"]
[Black "Monteiro, Georges"]
[Result "1-0"]
[WhiteElo "1654"]
[BlackElo "1450"]
[PlyCount "73"]
[EventDate "2015.??.??"]

1. e4 e5 2. Nf3 Nc6 3. Nc3 Bc5 4. Nxe5 Nxe5 5. d4 Bd6 6. dxe5 Bxe5 7. f4 Bxc3+
8. bxc3 d6 9. Bd3 Nf6 10. O-O Bg4 11. Qe1 O-O 12. Qh4 Re8 13. e5 dxe5 14. fxe5
Rxe5 15. Bg5 Qd6 16. Bxf6 Rh5 17. Qg3 Qxg3 18. hxg3 gxf6 19. Rxf6 Be6 20. Raf1
Re8 21. R1f4 Rg5 22. Rh4 Kg7 23. Rfh6 Rh8 24. Kf2 Bf5 25. Kf3 Bxd3 26. cxd3 Rc5
27. c4 Ra5 28. R6h5 Rxa2 29. Rd5 c6 30. Rd7 Rb2 31. Rg4+ Kf6 32. Rf4+ Ke6 33.
Rdxf7 Ra8 34. d4 Rb3+ 35. Kf2 Rb2+ 36. Kg1 Rb1+ 37. Kh2 1-0

[Event "Open de Provence 2015 B"]
[Site "Salon de Provence"]
[Date "2015.07.04"]
[Round "7.9"]
[White "Philippe, Alexis"]
[Black "Malsan, Raynal"]
[Result "1/2-1/2"]
[WhiteElo "1268"]
[BlackElo "1484"]
[PlyCount "98"]
[EventDate "2015.??.??"]

1. d4 Nf6 2. c4 e6 3. Nc3 Bb4 4. Bd2 d5 5. Nf3 c5 6. e3 cxd4 7. exd4 O-O 8. Bd3
dxc4 9. Bxc4 Nc6 10. Bg5 h6 11. Bh4 g5 12. Bg3 g4 13. Ne5 Qxd4 14. Qxd4 Nxd4
15. O-O Bxc3 16. bxc3 Nc6 17. Rfe1 Nd5 18. Nxg4 Kg7 19. Bxd5 exd5 20. Ne3 Be6
21. Rad1 Rad8 22. Bh4 Rd7 23. f4 d4 24. cxd4 Rxd4 25. Rxd4 Nxd4 26. Be7 Rc8 27.
a3 a5 28. Kf2 b5 29. g4 Nc2 30. Rg1 Nxe3 31. Kxe3 Re8 32. Bd6 Bc4+ 33. Kf3 Be2+
34. Kf2 Bc4 35. Re1 Rxe1 36. Kxe1 Kg6 37. h4 Kh7 38. Kf2 Bd5 39. Ke3 Bb3 40.
Ke4 Bd1 41. g5 hxg5 42. hxg5 Kg6 43. Kd5 Bb3+ 44. Kc5 a4 45. Kxb5 f6 46. gxf6
Kxf6 47. Kc5 Kf5 48. Kd4 Bc2 49. Be5 Bb3 1/2-1/2

[Event "Open de Provence 2015 B"]
[Site "Salon de Provence"]
[Date "2015.07.04"]
[Round "7.10"]
[White "Pietrac, Christian"]
[Black "Guyard, Gerard"]
[Result "0-1"]
[WhiteElo "1203"]
[BlackElo "1442"]
[PlyCount "124"]
[EventDate "2015.??.??"]

1. Nf3 Nf6 2. g3 g6 3. Bg2 Bg7 4. O-O O-O 5. d3 d6 6. Re1 c6 7. e4 Bg4 8. Nbd2
Nbd7 9. h3 Be6 10. Kh1 Qb6 11. d4 Ne8 12. c3 Qd8 13. Ng5 Nc7 14. Nxe6 Nxe6 15.
h4 Nc7 16. f4 e5 17. Nc4 exd4 18. cxd4 Nb6 19. Nxb6 axb6 20. e5 dxe5 21. dxe5
h5 22. Qxd8 Rfxd8 23. Be3 Nd5 24. Bxd5 cxd5 25. Bxb6 Rd7 26. Red1 Ra4 27. Bd4
b5 28. b3 Ra6 29. a4 bxa4 30. bxa4 Kf8 31. Rdc1 Ke7 32. a5 Ke6 33. Kg2 Kf5 34.
Kf3 Rb7 35. Bb6 Rd7 36. Rc7 Rxc7 37. Bxc7 Rc6 38. Bb6 Rc3+ 39. Kg2 Kg4 40. Bf2
Bf8 41. Ra2 d4 42. a6 Bc5 43. a7 Bxa7 44. Rxa7 d3 45. Rd7 Kf5 46. Rd4 Rb3 47.
Rd7 Ke6 48. Rd6+ Kf5 49. Rf6+ Ke4 50. Rxf7 d2 51. Rd7 Rd3 52. e6 d1=Q 53. e7
Qf3+ 54. Kg1 Qd1+ 55. Kg2 Rxg3+ 56. Bxg3 Qxd7 57. f5 Qxe7 58. fxg6 Qg7 59. Kf2
Qxg6 60. Kg2 Qg4 61. Kh2 Qe2+ 62. Kg1 Kf3 0-1

[Event "Open de Provence 2015 B"]
[Site "Salon de Provence"]
[Date "2015.07.04"]
[Round "7.11"]
[White "Bohli, Adam"]
[Black "Maccagno, Gilbert"]
[Result "1-0"]
[WhiteElo "1428"]
[BlackElo "1366"]
[PlyCount "96"]
[EventDate "2015.??.??"]

1. Nf3 Nf6 2. d4 d6 3. c4 g6 4. Nc3 Bg7 5. Bg5 c6 6. e3 Nbd7 7. Be2 O-O 8. h4
Qc7 9. Bxf6 Nxf6 10. Ng5 e5 11. h5 exd4 12. exd4 Re8 13. hxg6 fxg6 14. Qc2 Bg4
15. O-O-O Bf5 16. Bd3 Qd7 17. Nce4 Qe7 18. Nxf6+ Qxf6 19. Nxh7 Qxd4 20. Bxf5
Qf4+ 21. Kb1 Qxf5 22. Qxf5 gxf5 23. Rxd6 Re7 24. Nf6+ Kf7 25. Nh5 Be5 26. Rh6
Rh8 27. Rxh8 Bxh8 28. Ng3 Bf6 29. Rh7+ Ke6 30. Rxe7+ Bxe7 31. f4 b6 32. Ne2 c5
33. g3 Kf6 34. Nc1 Bd6 35. Kc2 Ke6 36. Kd3 Kf6 37. Ke3 Ke6 38. Kf3 Kf6 39. Ne2
Bb8 40. g4 fxg4+ 41. Kxg4 Bc7 42. Nc3 Bb8 43. Nd5+ Kf7 44. f5 Be5 45. b3 Bd4
46. Kf4 Bb2 47. a4 Bd4 48. Nc7 Bb2 1-0

[Event "Open de Provence 2015 B"]
[Site "Salon de Provence"]
[Date "2015.07.04"]
[Round "7.12"]
[White "Aicardo, Hadrien"]
[Black "Misene, Milan"]
[Result "1/2-1/2"]
[WhiteElo "1200"]
[BlackElo "1417"]
[PlyCount "43"]
[EventDate "2015.??.??"]

1. d4 Nf6 2. c4 g6 3. Nf3 Bg7 4. g3 O-O 5. Bg2 c6 6. Nbd2 d5 7. b3 Re8 8. Bb2
Bg4 9. O-O Qc8 10. Re1 Nbd7 11. e4 Nxe4 12. Nxe4 dxe4 13. Rxe4 Nf6 14. Re2 Bh3
15. Qe1 Bxg2 16. Kxg2 Qc7 17. Rd1 Rad8 18. Ba3 Bf8 19. Rd3 e6 20. Bxf8 Kxf8 21.
Qc3 Kg7 22. Ree3 1/2-1/2

[Event "Open de Provence 2015 B"]
[Site "Salon de Provence"]
[Date "2015.07.04"]
[Round "7.13"]
[White "Favarel-Lubeigt, Helina"]
[Black "Bartolomei, Romain"]
[Result "0-1"]
[WhiteElo "1296"]
[BlackElo "1289"]
[PlyCount "102"]
[EventDate "2015.??.??"]

1. c4 e5 2. Nc3 f5 3. g3 Nf6 4. Bg2 d6 5. e3 Be6 6. Bxb7 Nbd7 7. b3 Rb8 8. Bg2
Nb6 9. Nge2 g6 10. d4 e4 11. O-O Bg7 12. Bb2 Nxc4 13. bxc4 Rxb2 14. d5 Bd7 15.
Nd4 Rb8 16. Nce2 Ng4 17. Nf4 Qc8 18. Rc1 Bxd4 19. Qxd4 O-O 20. c5 Qa6 21. c6
Bc8 22. Qc4 Qxc4 23. Rxc4 Ba6 24. Ra4 Bxf1 25. Kxf1 Rb1+ 26. Ke2 Rfb8 27. Rd4
R8b2+ 28. Rd2 Rxd2+ 29. Kxd2 Rb2+ 30. Kc1 Rxa2 31. Ne6 Kf7 32. Nxc7 Ke7 33. Ne6
Nf6 34. Nd4 Nxd5 35. Nb5 Rxf2 36. Bxe4 fxe4 37. c7 Kd7 38. c8=Q+ Kxc8 39. Nxd6+
Kd7 40. Nxe4 Rxh2 41. Nc5+ Kc6 42. Nb3 Nxe3 43. Nd4+ Kc5 44. Nb3+ Kb4 45. Nd4
a5 46. Nc6+ Kc3 47. Kb1 a4 48. Ka1 a3 49. g4 Nc2+ 50. Kb1 Rh1+ 51. Ka2 Ra1# 0-1

[Event "Open de Provence 2015 B"]
[Site "Salon de Provence"]
[Date "2015.07.04"]
[Round "7.14"]
[White "Person, Claude"]
[Black "Ulloa, Philippe"]
[Result "0-1"]
[WhiteElo "1227"]
[BlackElo "1341"]
[PlyCount "38"]
[EventDate "2015.??.??"]

1. Nf3 d5 2. d4 h6 3. h3 Nf6 4. Bf4 e6 5. a3 Nbd7 6. Nbd2 c5 7. e3 cxd4 8. exd4
a6 9. Be2 Be7 10. Ne5 O-O 11. Nxd7 Bxd7 12. c3 Re8 13. f3 Nh5 14. Bh2 Bh4+ 15.
Kf1 Ng3+ 16. Bxg3 Bxg3 17. Kg1 Qh4 18. Qf1 Qf4 19. Bd3 Qe3+ 0-1

[Event "Open de Provence 2015 B"]
[Site "Salon de Provence"]
[Date "2015.07.04"]
[Round "7.15"]
[White "Mars, Florence"]
[Black "Borrini, Rodrigue"]
[Result "0-1"]
[WhiteElo "1062"]
[BlackElo "1110"]
[PlyCount "80"]
[EventDate "2015.??.??"]

1. e4 e5 2. Nf3 Nc6 3. d4 d6 4. d5 Nce7 5. Bb5+ c6 6. dxc6 bxc6 7. Ba4 Bg4 8.
Nc3 Nf6 9. O-O h6 10. Re1 Rc8 11. Nd5 Ng6 12. h3 Be6 13. Nc3 Be7 14. Be3 Rc7
15. Qd3 O-O 16. Bb3 Bxb3 17. axb3 d5 18. exd5 cxd5 19. Bxa7 Rc8 20. Qe2 e4 21.
Nd4 Re8 22. Red1 Qc7 23. Ndb5 Qd7 24. Be3 Bb4 25. Ra7 Qe6 26. Nc7 Rxc7 27. Rxc7
Bd6 28. Rc6 Bh2+ 29. Kxh2 Qxc6 30. Qb5 Qc7+ 31. Kg1 Rd8 32. Nxd5 Qxc2 33. Ne7+
Nxe7 34. Rxd8+ Kh7 35. Rd7 Nxd7 36. Qxd7 Ng6 37. Bd4 Qd1+ 38. Kh2 Ne5 39. Qf5+
Ng6 40. Qxf7 Qxd4 0-1

[Event "Open de Provence 2015 B"]
[Site "Salon de Provence"]
[Date "2015.07.04"]
[Round "7.16"]
[White "Boghossian, Lucie"]
[Black "Salvi, Angele"]
[Result "1-0"]
[WhiteElo "1100"]
[BlackElo "1064"]
[PlyCount "49"]
[EventDate "2015.??.??"]

1. e4 c5 2. Nf3 d6 3. d4 cxd4 4. Nxd4 Nf6 5. Bb5+ Nbd7 6. O-O e5 7. Nf5 Nxe4 8.
Nc3 a6 9. Ba4 Nec5 10. Nxd6+ Bxd6 11. Qxd6 Nxa4 12. Nd5 Ndb6 13. Nc7+ Qxc7 14.
Qxc7 O-O 15. Qxe5 Be6 16. Qg3 g6 17. Bh6 Rfd8 18. Qe5 f6 19. Qxf6 Rd7 20. Qxe6+
Rf7 21. Rad1 Rc8 22. Rfe1 Nc5 23. Qe8+ Rxe8 24. Rxe8+ Rf8 25. Rxf8# 1-0

[Event "Open de Provence 2015 B"]
[Site "Salon de Provence"]
[Date "2015.07.04"]
[Round "8.1"]
[White "Mars, Theo"]
[Black "Mars, Fiona"]
[Result "1/2-1/2"]
[WhiteElo "1634"]
[BlackElo "1611"]
[PlyCount "60"]
[EventDate "2015.??.??"]

1. c4 e6 2. Nc3 Nf6 3. g3 d5 4. cxd5 exd5 5. d4 Be7 6. Bg2 c6 7. e3 Bf5 8. Nge2
O-O 9. O-O Na6 10. a3 Nc7 11. Nf4 Nce8 12. Nd3 Nd6 13. Nc5 b6 14. Nd3 Nde4 15.
Nxe4 Bxe4 16. Ne5 Qc7 17. Qa4 Bxg2 18. Kxg2 c5 19. Nf3 c4 20. Bd2 a6 21. Bb4 b5
22. Qa5 Qxa5 23. Bxa5 Rfc8 24. Rfc1 Ra7 25. Rc2 Ne4 26. Nd2 Nxd2 27. Rxd2 f5
28. Kf3 Bd6 29. Rc2 g5 30. h3 Kf7 1/2-1/2

[Event "Open de Provence 2015 B"]
[Site "Salon de Provence"]
[Date "2015.07.04"]
[Round "8.2"]
[White "Noireaut, Hoan"]
[Black "Montanelli, Tristan"]
[Result "0-1"]
[WhiteElo "1667"]
[BlackElo "1694"]
[PlyCount "28"]
[EventDate "2015.??.??"]

1. d4 d6 2. Bf4 g6 3. e4 Bg7 4. Bc4 c5 5. Be3 Nf6 6. Nc3 Qb6 7. dxc5 dxc5 8. e5
Qxb2 9. Bd2 Ne4 10. Nxe4 Qxe5 11. Rb1 Qxe4+ 12. Be2 Nc6 13. Nf3 O-O 14. O-O Qa4
0-1